[Event "Regionalliga SW 1617"]
[Site "Bayern"]
[Date "2017.04.02"]
[Round "8.7"]
[White "Brozio, Jason"]
[Black "Stoll, Stefan"]
[Result "1-0"]
[WhiteElo "1823"]
[BlackElo "1776"]
[PlyCount "107"]
[EventDate "2016.10.16"]
[EventType "team-tourn"]
[EventRounds "9"]
[EventCountry "GER"]
[SourceTitle "EXT 2019"]
[Source "ChessBase"]
[SourceDate "2018.10.10"]
[SourceVersion "1"]
[SourceVersionDate "2018.10.10"]
[SourceQuality "1"]
[WhiteTeam "Garching III"]
[BlackTeam "Mering"]
[WhiteTeamCountry "GER"]
[BlackTeamCountry "GER"]

1. d4 g6 2. Nf3 Bg7 3. Bf4 Nf6 4. e3 0-0 5. h3 c5 6. c3 Qb6 7. Qb3 d5 8. Na3 Nc6 9. Qxb6 axb6 10. Bc7 Nd7 11. Bb5 Ncb8 12. 0-0 Na6 13. Bg3 Ndb8 14. Rfd1 e6 15. Bd6 Bd7 16. Bxf8 Bxf8 17. Bxd7 Nxd7 18. Nc2 Nc7 19. Nce1 f6 20. Nc2 Kf7 21. Nd2 Be7 22. Re1 Nb8 23. a3 Nc6 24. g4 Bf8 25. f4 Be7 26. Kg2 f5 27. Rg1 Bd6 28. Ne1 h6 29. Kf3 Rh8 30. gxf5 gxf5 31. Kf2 Rh7 32. Nef3 Ne8 33. Ne5+ Bxe5 34. fxe5 Nc7 35. Rg3 Ne8 36. Rag1 Ng7 37. Rg6 Ne7 38. R6g2 Ne8 39. b4 c4 40. a4 Nc6 41. Nf1 Ke7 42. Ng3 Kf7 43. Nh5 Ne7 44. Nf4 Nc7 45. Ke2 Ne8 46. Nh5 Nc6 47. Ra1 Nb8 48. Kd2 Ke7 49. b5 Kf8 50. Kc2 Nc7 51. Nf6 Rg7 52. Rxg7 Kxg7 53. Rg1+ Kf7 54. Kb2 1-0